The saber-tooth curriculum / (Record no. 8795)

MARC details
000 -LEADER
fixed length control field 01035cam a2200265 a 4500
001 - CONTROL NUMBER
control field 13903675
003 - CONTROL NUMBER IDENTIFIER
control field OSt
005 - DATE AND TIME OF LATEST TRANSACTION
control field 20240625111820.0
008 - FIXED-LENGTH DATA ELEMENTS--GENERAL INFORMATION
fixed length control field 050317s2004 nyua b 000 0beng
010 ## - LIBRARY OF CONGRESS CONTROL NUMBER
LC control number 2005273211
020 ## - INTERNATIONAL STANDARD BOOK NUMBER
International Standard Book Number 0070491518
040 ## - CATALOGING SOURCE
Original cataloging agency DLC
Transcribing agency must
Modifying agency DLC
082 ## - DEWEY DECIMAL CLASSIFICATION NUMBER
Classification number 375 PED 1939
100 1# - MAIN ENTRY--PERSONAL NAME
Personal name Benjamin, Harold
Dates associated with a name 1893-1969.
9 (RLIN) 17766
245 14 - TITLE STATEMENT
Title The saber-tooth curriculum /
Statement of responsibility, etc. by J. Abner Peddiwell ; [foreword by Harold Benjamin ; with a new introduction by John I Goodlad].
250 ## - EDITION STATEMENT
Edition statement Classic ed.
260 ## - PUBLICATION, DISTRIBUTION, ETC. (IMPRINT)
Place of publication, distribution, etc. New York :
Name of publisher, distributor, etc. McGraw-Hill,
Date of publication, distribution, etc. c1939.
300 ## - PHYSICAL DESCRIPTION
Extent xiii, 139 p. :
Other physical details ill. ;
Dimensions 20 cm.
650 #0 - SUBJECT ADDED ENTRY--TOPICAL TERM
Topical term or geographic name as entry element Education
General subdivision Humor.
9 (RLIN) 17767
856 42 - ELECTRONIC LOCATION AND ACCESS
Materials specified Contributor biographical information
Uniform Resource Identifier <a href="http://www.loc.gov/catdir/enhancements/fy0626/2005273211-b.html">http://www.loc.gov/catdir/enhancements/fy0626/2005273211-b.html</a>
856 42 - ELECTRONIC LOCATION AND ACCESS
Materials specified Publisher description
Uniform Resource Identifier <a href="http://www.loc.gov/catdir/enhancements/fy0626/2005273211-d.html">http://www.loc.gov/catdir/enhancements/fy0626/2005273211-d.html</a>
906 ## - LOCAL DATA ELEMENT F, LDF (RLIN)
a 7
b cbc
c origcop
d 3
e ncip
f 20
g y-gencatlg
942 ## - ADDED ENTRY ELEMENTS (KOHA)
Source of classification or shelving scheme Other/Generic Classification Scheme
Koha item type Open Shelf
Holdings
Withdrawn status Lost status Source of classification or shelving scheme Damaged status Not for loan Home library Current library Date acquired Source of acquisition Inventory number Total Checkouts Full call number Barcode Date last seen Price effective from Koha item type
    Other/Generic Classification Scheme     MUST Main Library MUST Main Library 25/06/2024 purchase 2000/14649   375 PED 1939 2024-21178 25/06/2024 25/06/2024 Open Shelf
    Other/Generic Classification Scheme     MUST Main Library MUST Main Library 25/06/2024 purchase 03/19625   375 PED 1939 2024-21179 25/06/2024 25/06/2024 Open Shelf
    Other/Generic Classification Scheme     MUST Main Library MUST Main Library 25/06/2024 purchase 03/19623   375 PED 1939 2024-21180 25/06/2024 25/06/2024 Open Shelf